| 000 | 00695nam a22001937a 4500 | ||
|---|---|---|---|
| 005 | 20251108171132.0 | ||
| 008 | 250721s1984 xx 000 0 ara d | ||
| 082 | 1 | 4 | _a241/راز |
| 100 | 1 | _aالرازي، فخر الدين محمد بن عمر الخطيب | |
| 245 | 1 | 0 |
_aشرح أسماء الله الحسنى للرازي : _bلواقع البينات شرح أسماء الله تعالى و الصفات / |
| 264 | 1 |
_aبيروت : _bدار الكتاب العربي، _c1984. |
|
| 300 | _a373ص | ||
| 490 | 0 | _aمن تراث الرازي | |
| 650 | 1 | 7 | _aالله |
| 650 | 1 | 7 | _aأسماء الله الحسنى |
| 650 | 1 | 7 | _aصفات الله |
| 942 |
_2ddc _cBK |
||
| 999 |
_c57525 _d57525 |
||